000 00994nam a2200253Ii 4500
003 JO-AjNU
005 20240113123316.0
008 230605s9999||||xx |||||||||||||| ||und||
017 _a2013/1/297
020 _a978-9957-33-329-4
040 _aJO-AjNU
_bara
_erda
_cJO-AjNU
041 _aara
050 1 4 _aHG4026 2013
100 3 _aتأليف يبلعزوز، بن علي / م.مشارك: عبدالكريم قندوز، عبدالرزاق حبار,
_eauthor
_945660
245 0 0 _aادارة المخاطر: ادارة المخاطر، المشتقات المالية، الهندسة المالية
250 _aط1
264 3 1 _aعمان: مؤسسة الوراق للنشر والتوزيع، 2013
300 _a464ص
_bيحتوي على ببلوغرافية من 461-464ص
336 _atext
_btxt
_2rdacontent
337 _aunmediated
_bn
_2rdamedia
338 _avolume
_bnc
_2rdacarrier
650 4 _aاتخاذ القرارات -ادارة المخاطر
_945661
942 _2lcc
_cBK
999 _c23377
_d23377